000
00269nam a2200121Ia 4500
008
190216s9999||||xx |||||||||||||| ||und||
100
_a
Ramabhadran S
245
0
_a
Basic Electronics
260
_b
Khanna Pub
_c
1988
300
_a
445p
650
_a
Physics
942
_c
BK
999
_c
33257
_d
33257